Internet všetkého: všetci (a všetko) v spojení

Koncept Priemysel 4.0, ktorý vznikol v Nemecku. Podstata konceptu. Priemysel 4.0 ako obchodná stratégia. Spôsob, ako robiť veci inak a po novom. Slabá príprava znamená zánik firmy. Nebezpečenstvo útokov a ochrana systémov.

Gespeichert in:
Bibliographische Detailangaben
1. Verfasser: Oravec, Jozef
Format: Buchkapitel
Sprache:Slowakisch
Schlagworte:
Tags: Tag hinzufügen
Keine Tags, Fügen Sie das erste Tag hinzu!

MARC

LEADER 00000naa a2200000 4500
001 0222042
005 20231011074010.2
041 0 |a slo 
044 |a CZ 
245 1 0 |a Internet všetkého: všetci (a všetko) v spojení  |c Jozef Oravec 
520 |a Koncept Priemysel 4.0, ktorý vznikol v Nemecku. Podstata konceptu. Priemysel 4.0 ako obchodná stratégia. Spôsob, ako robiť veci inak a po novom. Slabá príprava znamená zánik firmy. Nebezpečenstvo útokov a ochrana systémov. 
610 2 0 |a technológie informačné 
610 2 0 |a technológie komunikačné 
610 2 0 |a technológie nové 
610 2 0 |a digitalizácia 
610 2 0 |a internet 
610 2 0 |a priemysel 
610 2 0 |a revolúcia priemyselná 
610 2 0 |a firmy 
100 1 |a Oravec, Jozef